漢字6文字以上の駅名 - Statistics

General Stats
  • This quiz has been taken 696 times
  • The average score is 29 of 159
Answer Stats
Hint Answer % Correct
富山県 黒部宇奈月温泉
45%
神奈川県 京急東神奈川
43%
埼玉県 東武動物公園
41%
東京都 国会議事堂前
40%
千葉県 印旛日本医大
39%
大阪府 天神橋筋六丁目
39%
東京都 西新宿五丁目
39%
神奈川県 羽沢横浜国大
39%
北海道 北海道医療大学
37%
福島県 会津高原尾瀬口
36%
東京都 葛西臨海公園
36%
東京都 六本木一丁目
36%
大阪府 | 茨城県 万博記念公園
35%
東京都 府中競馬正門前
35%
神奈川県 小田急相模原
34%
千葉県 京成幕張本郷
34%
兵庫県 雲雀丘花屋敷
33%
和歌山県 和歌山大学前
33%
大阪府 大阪阿部野橋
32%
東京都 多摩動物公園
32%
東京都 板橋区役所前
31%
京都府 京都市役所前
30%
愛知県 中部国際空港
30%
東京都 西新井大師西
29%
大阪府 箕面船場阪大前
29%
京都府 梅小路京都西
27%
鹿児島県 鹿児島中央駅前
27%
東京都 東池袋四丁目
27%
東京都 荒川区役所前
26%
神奈川県 伊勢佐木長者町
26%
山梨県 都留文科大学前
26%
群馬県 長野原草津口
26%
大阪府 大阪教育大前
25%
岐阜県 各務原市役所前
25%
福岡県 馬出九大病院前
25%
東京都 見沼代親水公園
25%
宮城県 八木山動物公園
25%
東京都 荒川遊園地前
24%
東京都 大井競馬場前
24%
奈良県 橿原神宮西口
24%
栃木県 上三依塩原温泉口
24%
福岡県 九大学研都市
24%
兵庫県 須磨海浜公園
24%
群馬県 板倉東洋大前
23%
愛知県 中京競馬場前
23%
東京都 中野富士見町
23%
愛知県 瑞穂運動場西
23%
愛知県 瑞穂運動場東
23%
愛知県 熱田神宮伝馬町
22%
京都府 龍谷大前深草
22%
和歌山県 林間田園都市
22%
福島県 会津山村道場
21%
東京都 赤土小学校前
20%
滋賀県 坂本比叡山口
20%
高知県 桟橋通一丁目
20%
高知県 桟橋通五丁目
20%
高知県 桟橋通三丁目
20%
高知県 桟橋通二丁目
20%
高知県 桟橋通四丁目
20%
愛知県 長久手古戦場
20%
東京都 東尾久三丁目
20%
京都府 石清水八幡宮
19%
栃木県 宇都宮駅東口
19%
京都府 京都精華大前
19%
兵庫県 総合運動公園
19%
東京都 滝野川一丁目
19%
長野県 戸狩野沢温泉
19%
東京都 平山城址公園
19%
静岡県 県立美術館前
18%
宮城県 東北福祉大前
18%
岐阜県 羽島市役所前
18%
福井県 福大前西福井
18%
京都府 八瀬比叡山口
18%
愛媛県 愛大医学部南口
17%
静岡県 掛川市役所前
17%
愛知県 蒲郡競艇場前
17%
愛知県 陶磁資料館南
17%
宮城県 青葉通一番町
16%
福岡県 久留米大学前
16%
静岡県 県総合運動場
16%
熊本県 新水前寺駅前
16%
福井県 福井城址大名町
16%
滋賀県 大津市役所前
15%
福岡県 小波瀬西工大前
15%
愛知県 瀬戸市役所前
15%
青森県 津軽五所川原
15%
兵庫県 林崎松江海岸
15%
福島県 美術館図書館前
15%
鹿児島県 南鹿児島駅前
15%
福岡県 久留米高校前
14%
広島県 廿日市市役所前
14%
山形県 茂吉記念館前
14%
香川県 栗林公園北口
14%
北海道 五稜郭公園前
13%
兵庫県 武庫川団地前
13%
愛知県 守山自衛隊前
13%
愛知県 庄内緑地公園
12%
神奈川県 湘南海岸公園
12%
秋田県 阿仁前田温泉
11%
静岡県 川根温泉笹間渡
11%
福岡県 香春口三萩野
11%
大阪府 帝塚山四丁目
11%
京都府 福知山市民病院口
11%
広島県 皆実町六丁目
11%
長崎県 大村車両基地
10%
富山県 奥田中学校前
10%
北海道 資生館小学校前
10%
青森県 白神岳登山口
10%
福井県 仁愛女子高校
10%
北海道 中央図書館前
10%
大阪府 帝塚山三丁目
10%
静岡県 浜名湖佐久米
10%
栃木県 平石中央小学校前
10%
広島県 皆実町二丁目
10%
富山県 龍谷富山高校前
10%
福井県 足羽山公園口
9%
京都府 大江山口内宮
9%
大阪府 貝塚市役所前
9%
福岡県 城戸南蔵院前
9%
福岡県 九州鉄道記念館
9%
広島県 山陽女学園前
9%
広島県 修大協創中高前
9%
群馬県 高崎商科大学前
9%
高知県 知寄町一丁目
9%
高知県 知寄町三丁目
9%
高知県 知寄町二丁目
9%
北海道 電車事業所前
9%
青森県 弘前学院大前
9%
広島県 家庭裁判所前
8%
熊本県 九品寺交差点
8%
熊本県 県立体育館前
8%
北海道 幌南小学校前
8%
広島県 佐伯区役所前
8%
静岡県 自動車学校前
8%
北海道 中央区役所前
8%
岡山県 西川緑道公園
8%
島根県 浜山公園北口
8%
広島県 広大附属学校前
8%
長崎県 松浦発電所前
8%
静岡県 美薗中央公園
8%
鹿児島県 甲東中学校前
7%
富山県 国際会議場前
7%
福井県 商工会議所前
7%
岡山県 新西大寺町筋
7%
福岡県 東犀川三四郎
7%
三重県 北勢中央公園口
7%
熊本県 南阿蘇白川水源
7%
福岡県 南直方御殿口
7%
長崎県 霊丘公園体育館
7%
熊本県 相良藩願成寺
6%
富山県 志貴野中学校前
6%
熊本県 市立体育館前
6%
愛媛県 赤十字病院前
6%
熊本県 動植物園入口
6%
富山県 萩浦小学校前
6%
愛媛県 平和通一丁目
6%
高知県 県立美術館通
5%
福岡県 田川市立病院
5%
No matching quizzes found
Score Distribution
Percent of People with Each Score
Percentile by Number Answered
Your Score History
You have not taken this quiz